Plant Nutrition and soil management for sustainable agriculture : Proceedings of lectures
The lecture describes some results for the effect of AMF inoculation at the nursery stage on the growth and nutrients acquisition of wetland rice, under field and pot conditions are introduced.
Đã lưu trong:
| Format: | Bog |
|---|---|
| Sprog: | Undetermined |
| Udgivet: |
Cần Thơ
CTU/JICA
2001
|
| Fag: | |
| Tags: |
Tilføj Tag
Ingen Tags, Vær først til at tagge denne postø!
|
| Thư viện lưu trữ: | Trung tâm Học liệu Trường Đại học Cần Thơ |
|---|
| LEADER | 00723nam a2200181Ia 4500 | ||
|---|---|---|---|
| 001 | CTU_50447 | ||
| 008 | 210402s9999 xx 000 0 und d | ||
| 082 | |a 630.72 | ||
| 082 | |b P713 | ||
| 245 | 0 | |a Plant Nutrition and soil management for sustainable agriculture : | |
| 245 | 0 | |b Proceedings of lectures | |
| 260 | |a Cần Thơ | ||
| 260 | |b CTU/JICA | ||
| 260 | |c 2001 | ||
| 520 | |a The lecture describes some results for the effect of AMF inoculation at the nursery stage on the growth and nutrients acquisition of wetland rice, under field and pot conditions are introduced. | ||
| 650 | |a Plant-soil relationships,Sustainable agriculture | ||
| 904 | |i Năm | ||
| 980 | |a Trung tâm Học liệu Trường Đại học Cần Thơ | ||